Canadian geography -multiple choice - Statistics

General Stats
  • This quiz has been taken 389 times
  • The average score is 7 of 10
Answer Stats
Question Answer % Correct
What is the most populated canadian province Ontario
96%
What is the smallest Canadian province Prince edward island
92%
What is the capital of Canada Ottawa
88%
What is the largest freshwater lake that is entirely in canada Great bear lake
68%
What is Canada's largest island Baffin island
64%
What is the most sparsely populated province/ territory Nunavut
64%
What is the northernmost major city in canada Edmonton
56%
What is Canada's largest provence Quebec
52%
What is Canada's national animal Beaver
48%
What is Canada's northernmost provincial capital Iqaluit
28%
No matching quizzes found
Score Distribution
Percent of People with Each Score
Percentile by Number Answered
Your Score History
You have not taken this quiz